La categoría teológica signos de los tiempos: desde el Concilio Vaticano II al Pentecostés de Aparecida y Francisco
Uloženo v:
| Hlavní autor: | |
|---|---|
| Korporativní autor: | |
| Médium: | Kniha |
| Jazyk: | španělština |
| Vydáno: |
Bogotá
Usta
2014
|
| Vydání: | 1a. ed |
| Edice: | Colección Studiositas Theologica
|
| Témata: | |
| Tagy: |
Přidat tag
Žádné tagy, Buďte první, kdo vytvoří štítek k tomuto záznamu!
|
MARC
| LEADER | 00000cam a2200000 a 4500 | ||
|---|---|---|---|
| 001 | UCE4425 | ||
| 003 | CL-VaPUC | ||
| 008 | 141023e20140000ck |||||||||||||||||spa|d | ||
| 082 | 0 | 4 | |a 230.01 |b MER |2 21 |
| 100 | |a Merino Beas, Patricio |e autor |9 576972 | ||
| 110 | 2 | |a Universidad Santo Tomas. Facultad de Teología |e author |9 576973 | |
| 245 | 1 | 3 | |a La categoría teológica signos de los tiempos: desde el Concilio Vaticano II al Pentecostés de Aparecida y Francisco |
| 250 | |a 1a. ed | ||
| 300 | |a 190 p | ||
| 942 | |c BK | ||
| 945 | |d 20141023 15:21:00 |a arojas | ||
| 260 | |a Bogotá |b Usta |c 2014 | ||
| 650 | 0 | |a Teología |9 258766 | |
| 650 | 0 | |a Cristianismo |9 257361 | |
| 650 | 0 | |a Filosofía cristiana |9 265980 | |
| 583 | |a last modification |c 20141023 15:21:00 |k Rodrigo Vera | ||
| 490 | 0 | |a Colección Studiositas Theologica | |
| 999 | |c 357386 |d 357384 | ||
| 952 | |0 0 |1 0 |3 erb |4 0 |6 230_010000000000000_MER_2014 |7 0 |8 A |9 465303 |a BIBTEO |b BIBTEO |i 5119987 |o 230.01 MER 2014 |p 5119987 |r 2025-01-17 |w 2019-11-23 |y BK |z Catalogado en:20141023 |k ICR | ||